000 00444pab a2200181 454500
008 180718b2012 xxu||||| |||| 00| 0 eng d
100 _aVombatkere, S.G.
245 _aAntony and General Singh's dilemma: Honesty and national security
260 _c2012
300 _ap.7-9.
362 _a21 Apr
650 _aIndia. Army
650 _aState security
650 _aArmed forces
773 _aMainstream
908 _aN
909 _a96436
999 _c96436
_d96436